| 000 | 01467nam a2200445 i 4500 | ||
|---|---|---|---|
| 001 | 7628 | ||
| 003 | KOSZ 005 | ||
| 005 | 20200302142549.0 | ||
| 008 | 070502s1973 pl a f |000 0 pol | ||
| 015 | _aPB 1973/7990a | ||
| 035 | _a991033976999705066 | ||
| 035 | _a(PL-WaBN)b1909081x-48omnis_nlop | ||
| 035 | _ab1909081x | ||
| 035 | _a(OCoLC)830832120 | ||
| 035 | _a(PL)b0000001909081 | ||
| 035 | _a(EXLNZ-48OMNIS_NETWORK)9910163635505606 | ||
| 040 |
_aWA N _cWA N _dKOSZ 005/EC |
||
| 041 | _apol | ||
| 046 | _k1973 | ||
| 080 | _a621.382 | ||
| 245 | 0 | 0 |
_aProcesy technologiczne w elektronice półprzewodnikowej : _bpraca zbiorowa / _c[aut. Jerzy Kołodziejski et al.]. |
| 260 |
_aWarszawa : _bWydawnictwa Naukowo-Techniczne, _c1973. |
||
| 300 |
_a378, [2] s. : _bil. ; _c23 cm. |
||
| 336 |
_2rdacontent _aTekst _btxt |
||
| 337 |
_2rdamedia _aBez urządzenia pośredniczącego _bn |
||
| 338 |
_2rdacarrier _aWolumin _bnc |
||
| 380 | _aKsiążki | ||
| 380 | _aPublikacje fachowe | ||
| 388 | _a1901-2000 | ||
| 388 | _a1945-1989 | ||
| 504 | _aBibliogr. | ||
| 650 | 7 |
_aPółprzewodniki _2DBN |
|
| 650 | 7 | _aTechnologia | |
| 658 | _aInżynieria i technika | ||
| 700 | 1 |
_aKołodziejski, Jerzy _d(1936- ). _eAutor |
|
| 710 | 2 |
_aWydawnictwa Naukowo-Techniczne _4pbl |
|
| 856 |
_uhttp://koha.tu.koszalin.pl/cgi-bin/koha/opac-detail.pl?biblionumber=7628 _yKatalog online BPK |
||
| 942 |
_2UKD _cKS |
||
| 999 |
_c7628 _d7628 |
||